[Event "DEM U12w 2024"]
[Site "Willingen GER"]
[Date "2024.05.25"]
[Round "9"]
[White "Stiehler, Mara"]
[Black "Hladeniuk, Yelyzaveta"]
[Result "1-0"]
[Termination "normal"]
[Board "5"]
[WhiteElo "1739"]
[BlackElo "1646"]
[WhiteClock "00:05:15"]
[BlackClock "00:00:33"]
[PlyCount "77"]
[WhiteFideId "34621199"]
[BlackFideId "34176128"]
[EventCountry "GER"]
[EventRounds "9"]
[EventType "swiss"]
[EventDate "2024.05.18"]

1. Nf3 {[%clk 01:30:58]} {[%emt 00:00:02]} Nf6 {[%clk 01:30:06]} {[%emt
00:00:54]} 2. g3 {[%clk 01:31:23]} {[%emt 00:00:05]} b6 {[%clk 01:29:27]}
{[%emt 00:01:09]} 3. Bg2 {[%clk 01:31:42]} {[%emt 00:00:11]} Bb7 {[%clk
01:29:29]} {[%emt 00:00:28]} 4. O-O {[%clk 01:31:46]} {[%emt 00:00:26]} e6
{[%clk 01:28:52]} {[%emt 00:01:06]} 5. d3 {[%clk 01:31:11]} {[%emt 00:01:05]}
Be7 {[%clk 01:28:45]} {[%emt 00:00:36]} 6. e4 {[%clk 01:30:45]} {[%emt
00:00:58]} d5 {[%clk 01:27:28]} {[%emt 00:01:48]} 7. e5 {[%clk 01:30:35]}
{[%emt 00:00:40]} Nfd7 {[%clk 01:27:25]} {[%emt 00:00:32]} 8. d4 {[%clk
01:30:36]} {[%emt 00:00:30]} c5 {[%clk 01:27:05]} {[%emt 00:00:49]} 9. c3
{[%clk 01:30:25]} {[%emt 00:00:42]} O-O {[%clk 01:24:50]} {[%emt 00:02:46]} 10.
Nbd2 {[%clk 01:25:41]} {[%emt 00:05:14]} Qc7 {[%clk 01:21:42]} {[%emt
00:03:34]} 11. h4 {[%clk 01:20:37]} {[%emt 00:05:38]} Rc8 {[%clk 01:20:06]}
{[%emt 00:02:04]} 12. Ng5 {[%clk 01:14:58]} {[%emt 00:06:12]} h6 {[%clk
01:18:09]} {[%emt 00:02:26]} 13. Nh3 {[%clk 01:14:27]} {[%emt 00:01:02]} cxd4
{[%clk 01:17:32]} {[%emt 00:01:07]} 14. cxd4 {[%clk 01:14:34]} {[%emt
00:00:22]} Qc2 {[%clk 01:17:18]} {[%emt 00:00:40]} 15. Qg4 {[%clk 01:14:01]}
{[%emt 00:01:07]} Ba6 {[%clk 01:08:41]} {[%emt 00:09:07]} 16. Re1 {[%clk
01:11:28]} {[%emt 00:03:03]} Bd3 {[%clk 01:07:24]} {[%emt 00:01:44]} 17. Nf4
{[%clk 01:05:48]} {[%emt 00:06:14]} Bf5 {[%clk 01:05:50]} {[%emt 00:02:00]} 18.
Qf3 {[%clk 01:04:19]} {[%emt 00:02:01]} Bh7 {[%clk 01:02:31]} {[%emt 00:03:44]}
19. Bh3 {[%clk 00:56:09]} {[%emt 00:08:43]} Nf8 {[%clk 00:59:02]} {[%emt
00:04:00]} 20. Nxd5 {[%clk 00:50:56]} {[%emt 00:05:44]} Nc6 {[%clk 00:56:14]}
{[%emt 00:03:14]} 21. Nxe7+ {[%clk 00:44:42]} {[%emt 00:06:48]} Nxe7 {[%clk
00:56:29]} {[%emt 00:00:15]} 22. Ne4 {[%clk 00:43:25]} {[%emt 00:01:47]} Qc6
{[%clk 00:50:02]} {[%emt 00:06:52]} 23. Qg4 {[%clk 00:38:02]} {[%emt 00:05:58]}
Bf5 {[%clk 00:39:19]} {[%emt 00:11:13]} 24. Qf3 {[%clk 00:33:20]} {[%emt
00:05:13]} Bh7 {[%clk 00:30:53]} {[%emt 00:08:51]} 25. Qf4 {[%clk 00:26:52]}
{[%emt 00:07:00]} Nd5 {[%clk 00:28:39]} {[%emt 00:02:45]} 26. Qd2 {[%clk
00:22:41]} {[%emt 00:04:42]} a5 {[%clk 00:20:43]} {[%emt 00:08:23]} 27. Bg2
{[%clk 00:20:10]} {[%emt 00:03:04]} Rab8 {[%clk 00:17:44]} {[%emt 00:03:27]}
28. Nf6+ {[%clk 00:16:16]} {[%emt 00:04:26]} Kh8 {[%clk 00:15:48]} {[%emt
00:02:27]} 29. Nxd5 {[%clk 00:16:12]} {[%emt 00:00:34]} exd5 {[%clk 00:16:01]}
{[%emt 00:00:17]} 30. Qd1 {[%clk 00:15:35]} {[%emt 00:01:06]} Qe6 {[%clk
00:15:09]} {[%emt 00:01:22]} 31. Be3 {[%clk 00:14:50]} {[%emt 00:01:16]} Bc2
{[%clk 00:14:18]} {[%emt 00:01:19]} 32. Qd2 {[%clk 00:14:35]} {[%emt 00:00:46]}
Bh7 {[%clk 00:13:38]} {[%emt 00:01:07]} 33. Rac1 {[%clk 00:14:00]} {[%emt
00:01:09]} Re8 {[%clk 00:12:38]} {[%emt 00:01:30]} 34. Rc3 {[%clk 00:13:17]}
{[%emt 00:01:14]} Re7 {[%clk 00:10:25]} {[%emt 00:02:37]} 35. Rec1 {[%clk
00:12:19]} {[%emt 00:01:33]} Qd7 {[%clk 00:06:30]} {[%emt 00:04:23]} 36. Rc6
{[%clk 00:10:52]} {[%emt 00:01:59]} Ne6 {[%clk 00:04:57]} {[%emt 00:02:02]} 37.
Rd6 {[%clk 00:09:58]} {[%emt 00:01:26]} Qa4 {[%clk 00:02:42]} {[%emt 00:02:39]}
38. Bxd5 {[%clk 00:08:41]} {[%emt 00:01:52]} Qe8 {[%clk 00:00:33]} {[%emt
00:02:40]} 39. Rcc6 {[%clk 00:05:15]} {[%emt 00:03:56]} 1-0

[Event "DEM U12w 2024"]
[Site "Willingen GER"]
[Date "2024.05.25"]
[Round "9"]
[White "Ramakrishnan, Veda"]
[Black "Lu, Sheng"]
[Result "1-0"]
[Termination "normal"]
[Board "7"]
[WhiteElo "1482"]
[BlackElo "1590"]
[WhiteClock "00:24:54"]
[BlackClock "00:37:28"]
[PlyCount "51"]
[WhiteFideId "16269519"]
[BlackFideId "34628061"]
[EventCountry "GER"]
[EventRounds "9"]
[EventType "swiss"]
[EventDate "2024.05.18"]

1. e4 {[%clk 01:30:58]} e5 {[%clk 01:30:55]} {[%emt 00:00:05]} 2. Nf3 {[%clk
01:31:23]} {[%emt 00:00:05]} Nc6 {[%clk 01:31:20]} {[%emt 00:00:05]} 3. Nc3
{[%clk 01:31:45]} {[%emt 00:00:08]} Nf6 {[%clk 01:31:32]} {[%emt 00:00:18]} 4.
d4 {[%clk 01:31:59]} {[%emt 00:00:16]} exd4 {[%clk 01:31:44]} {[%emt 00:00:18]}
5. Nxd4 {[%clk 01:32:17]} {[%emt 00:00:12]} Nxd4 {[%clk 01:31:51]} {[%emt
00:00:23]} 6. Qxd4 {[%clk 01:32:31]} {[%emt 00:00:16]} d6 {[%clk 01:31:47]}
{[%emt 00:00:34]} 7. Be2 {[%clk 01:31:39]} {[%emt 00:01:22]} Be7 {[%clk
01:31:19]} {[%emt 00:00:58]} 8. O-O {[%clk 01:31:12]} {[%emt 00:00:57]} O-O
{[%clk 01:31:21]} {[%emt 00:00:29]} 9. Bf4 {[%clk 01:30:33]} {[%emt 00:01:08]}
Be6 {[%clk 01:30:06]} {[%emt 00:01:44]} 10. Rad1 {[%clk 01:27:40]} {[%emt
00:03:23]} Re8 {[%clk 01:25:32]} {[%emt 00:05:05]} 11. Bf3 {[%clk 01:24:07]}
{[%emt 00:04:03]} Bg4 {[%clk 01:24:22]} {[%emt 00:01:39]} 12. Bxg4 {[%clk
01:19:49]} {[%emt 00:04:47]} Nxg4 {[%clk 01:24:23]} {[%emt 00:00:29]} 13. h3
{[%clk 01:20:02]} {[%emt 00:00:18]} Nf6 {[%clk 01:23:27]} {[%emt 00:01:27]} 14.
Rfe1 {[%clk 01:17:27]} {[%emt 00:03:04]} h6 {[%clk 01:19:49]} {[%emt 00:04:08]}
15. e5 {[%clk 01:09:08]} {[%emt 00:08:49]} dxe5 {[%clk 01:18:50]} {[%emt
00:01:28]} 16. Bxe5 {[%clk 01:07:40]} {[%emt 00:01:58]} c6 {[%clk 01:14:36]}
{[%emt 00:04:45]} 17. Qc4 {[%clk 01:02:53]} {[%emt 00:05:17]} Qb6 {[%clk
01:10:30]} {[%emt 00:04:36]} 18. Ne4 {[%clk 00:55:56]} {[%emt 00:07:26]} Nxe4
{[%clk 01:03:50]} {[%emt 00:07:11]} 19. Rxe4 {[%clk 00:55:54]} {[%emt
00:00:32]} Bc5 {[%clk 01:02:34]} {[%emt 00:01:46]} 20. Rd7 {[%clk 00:47:12]}
{[%emt 00:09:11]} Rf8 {[%clk 00:58:45]} {[%emt 00:04:20]} 21. Rf4 {[%clk
00:42:15]} {[%emt 00:05:28]} Kh8 {[%clk 00:53:23]} {[%emt 00:05:52]} 22. Rdxf7
{[%clk 00:36:20]} {[%emt 00:06:24]} Rg8 {[%clk 00:49:46]} {[%emt 00:04:05]} 23.
Rh4 {[%clk 00:33:14]} {[%emt 00:03:38]} Be3 {[%clk 00:44:26]} {[%emt 00:05:51]}
24. Qe6 {[%clk 00:26:30]} {[%emt 00:07:13]} Kh7 {[%clk 00:39:52]} {[%emt
00:05:05]} 25. Qf5+ {[%clk 00:25:19]} {[%emt 00:01:40]} Kh8 {[%clk 00:37:28]}
{[%emt 00:02:55]} 26. Qg6 {[%clk 00:24:54]} {[%emt 00:00:55]} 1-0

[Event "DEM U12w 2024"]
[Site "Willingen GER"]
[Date "2024.05.25"]
[Round "9"]
[White "Tischlinger, Lara"]
[Black "Wolf, Helena"]
[Result "1/2-1/2"]
[Termination "normal"]
[Board "8"]
[WhiteElo "1584"]
[BlackElo "1498"]
[WhiteClock "00:09:24"]
[BlackClock "01:04:13"]
[PlyCount "98"]
[WhiteFideId "34663401"]
[BlackFideId "34671030"]
[EventCountry "GER"]
[EventRounds "9"]
[EventType "swiss"]
[EventDate "2024.05.18"]

1. e4 {[%clk 01:30:57]} {[%emt 00:00:02]} c5 {[%clk 01:30:55]} {[%emt
00:00:06]} 2. c3 {[%clk 01:31:22]} {[%emt 00:00:05]} Nc6 {[%clk 01:31:20]}
{[%emt 00:00:05]} 3. d4 {[%clk 01:31:45]} {[%emt 00:00:08]} cxd4 {[%clk
01:31:44]} {[%emt 00:00:06]} 4. cxd4 {[%clk 01:32:07]} {[%emt 00:00:07]} d5
{[%clk 01:32:09]} {[%emt 00:00:06]} 5. exd5 {[%clk 01:31:35]} {[%emt 00:01:02]}
Qxd5 {[%clk 01:32:30]} {[%emt 00:00:09]} 6. Nf3 {[%clk 01:31:49]} {[%emt
00:00:16]} Bg4 {[%clk 01:32:54]} {[%emt 00:00:06]} 7. Be2 {[%clk 01:32:05]}
{[%emt 00:00:13]} e6 {[%clk 01:33:09]} {[%emt 00:00:16]} 8. O-O {[%clk
01:28:58]} {[%emt 00:03:37]} Nf6 {[%clk 01:31:51]} {[%emt 00:01:48]} 9. Nc3
{[%clk 01:27:46]} {[%emt 00:01:43]} Qa5 {[%clk 01:31:22]} {[%emt 00:00:58]} 10.
Be3 {[%clk 01:22:58]} {[%emt 00:05:18]} Be7 {[%clk 01:26:50]} {[%emt 00:05:02]}
11. a3 {[%clk 00:59:59]} {[%emt 00:23:29]} O-O {[%clk 01:23:27]} {[%emt
00:03:52]} 12. Qb3 {[%clk 00:53:52]} {[%emt 00:06:37]} Qc7 {[%clk 01:21:38]}
{[%emt 00:02:21]} 13. Rac1 {[%clk 00:51:12]} {[%emt 00:03:09]} Qb8 {[%clk
01:12:41]} {[%emt 00:09:28]} 14. Rfd1 {[%clk 00:45:59]} {[%emt 00:05:42]} Rd8
{[%clk 01:08:58]} {[%emt 00:04:14]} 15. h3 {[%clk 00:29:43]} {[%emt 00:16:45]}
Bh5 {[%clk 01:01:57]} {[%emt 00:07:31]} 16. d5 {[%clk 00:23:54]} {[%emt
00:06:19]} exd5 {[%clk 00:59:28]} {[%emt 00:03:00]} 17. Nxd5 {[%clk 00:22:50]}
{[%emt 00:01:33]} Nxd5 {[%clk 00:57:56]} {[%emt 00:02:02]} 18. Rxd5 {[%clk
00:23:09]} {[%emt 00:00:10]} Rxd5 {[%clk 00:57:16]} {[%emt 00:01:11]} 19. Qxd5
{[%clk 00:23:32]} {[%emt 00:00:07]} Bg6 {[%clk 00:57:07]} {[%emt 00:00:39]} 20.
Bb5 {[%clk 00:20:30]} {[%emt 00:03:32]} Qd6 {[%clk 00:52:33]} {[%emt 00:05:04]}
21. Bxc6 {[%clk 00:18:14]} {[%emt 00:02:46]} bxc6 {[%clk 00:52:29]} {[%emt
00:00:34]} 22. Qxd6 {[%clk 00:17:39]} {[%emt 00:01:04]} Bxd6 {[%clk 00:52:49]}
{[%emt 00:00:10]} 23. Rxc6 {[%clk 00:17:54]} {[%emt 00:00:15]} Be7 {[%clk
00:52:13]} {[%emt 00:01:06]} 24. Rc7 {[%clk 00:15:13]} {[%emt 00:03:11]} Bf6
{[%clk 00:51:16]} {[%emt 00:01:27]} 25. Bd4 {[%clk 00:12:53]} {[%emt 00:02:50]}
Bxd4 {[%clk 00:47:29]} {[%emt 00:04:18]} 26. Nxd4 {[%clk 00:13:15]} {[%emt
00:00:07]} h6 {[%clk 00:47:38]} {[%emt 00:00:21]} 27. Nc6 {[%clk 00:10:51]}
{[%emt 00:02:55]} a6 {[%clk 00:41:47]} {[%emt 00:06:20]} 28. Ne7+ {[%clk
00:10:43]} {[%emt 00:00:38]} Kh7 {[%clk 00:42:07]} {[%emt 00:00:11]} 29. Nxg6
{[%clk 00:11:01]} {[%emt 00:00:12]} Kxg6 {[%clk 00:42:24]} {[%emt 00:00:13]}
30. Kf1 {[%clk 00:10:16]} {[%emt 00:01:14]} Kf6 {[%clk 00:42:42]} {[%emt
00:00:13]} 31. Rc6+ {[%clk 00:08:35]} {[%emt 00:02:11]} Ke7 {[%clk 00:43:01]}
{[%emt 00:00:11]} 32. Rc7+ {[%clk 00:08:37]} {[%emt 00:00:29]} Ke6 {[%clk
00:43:23]} {[%emt 00:00:08]} 33. Ke2 {[%clk 00:08:17]} {[%emt 00:00:49]} a5
{[%clk 00:43:40]} {[%emt 00:00:14]} 34. Rb7 {[%clk 00:08:08]} {[%emt 00:00:39]}
Rd8 {[%clk 00:43:39]} {[%emt 00:00:29]} 35. Rb5 {[%clk 00:07:04]} {[%emt
00:01:33]} Ra8 {[%clk 00:40:39]} {[%emt 00:03:32]} 36. Ke3 {[%clk 00:06:37]}
{[%emt 00:00:57]} a4 {[%clk 00:39:23]} {[%emt 00:01:46]} 37. Rb4 {[%clk
00:06:39]} {[%emt 00:00:27]} Ra5 {[%clk 00:39:06]} {[%emt 00:00:47]} 38. Kd3
{[%clk 00:04:10]} {[%emt 00:02:58]} Rd5+ {[%clk 00:38:22]} {[%emt 00:01:16]}
39. Rd4 {[%clk 00:04:18]} {[%emt 00:00:22]} Ra5 {[%clk 00:38:31]} {[%emt
00:00:21]} 40. Kc3 {[%clk 00:04:04]} {[%emt 00:00:43]} Ke5 {[%clk 00:37:45]}
{[%emt 00:01:16]} 41. f4+ {[%clk 00:00:32]} {[%emt 00:04:02]} Ke6 {[%clk
00:37:24]} {[%emt 00:00:52]} 42. Kc4 {[%clk 00:25:18]} {[%emt 00:05:42]} f5
{[%clk 01:06:02]} {[%emt 00:01:54]} 43. Rd8 {[%clk 00:22:29]} {[%emt 00:03:18]}
Ra7 {[%clk 01:05:59]} {[%emt 00:00:32]} 44. Rd5 {[%clk 00:22:23]} {[%emt
00:00:35]} Rb7 {[%clk 01:05:49]} {[%emt 00:00:43]} 45. Rb5 {[%clk 00:21:46]}
{[%emt 00:01:06]} Rc7+ {[%clk 01:03:10]} {[%emt 00:03:09]} 46. Rc5 {[%clk
00:20:10]} {[%emt 00:02:06]} Rb7 {[%clk 01:03:24]} {[%emt 00:00:17]} 47. Rb5
{[%clk 00:15:04]} {[%emt 00:05:35]} Rc7+ {[%clk 01:03:34]} {[%emt 00:00:20]}
48. Rc5 {[%clk 00:13:41]} {[%emt 00:01:53]} Rb7 {[%clk 01:03:51]} {[%emt
00:00:12]} 49. Rb5 {[%clk 00:09:24]} {[%emt 00:04:47]} Rc7+ {[%clk 01:04:13]}
{[%emt 00:00:07]} 1/2-1/2

[Event "DEM U12w 2024"]
[Site "Willingen GER"]
[Date "2024.05.25"]
[Round "9"]
[White "Fruth, Julia"]
[Black "Luible, Antonia"]
[Result "1-0"]
[Termination "normal"]
[Board "9"]
[WhiteElo "1641"]
[BlackElo "1347"]
[WhiteClock "00:24:26"]
[BlackClock "00:14:02"]
[PlyCount "173"]
[WhiteFideId "34603050"]
[BlackFideId "34681710"]
[EventCountry "GER"]
[EventRounds "9"]
[EventType "swiss"]
[EventDate "2024.05.18"]

1. e4 {[%clk 01:30:57]} {[%emt 00:00:02]} c5 {[%clk 01:30:54]} {[%emt
00:00:06]} 2. Nf3 {[%clk 01:31:15]} {[%emt 00:00:12]} Nc6 {[%clk 01:31:17]}
{[%emt 00:00:07]} 3. Bb5 {[%clk 01:31:25]} {[%emt 00:00:20]} e6 {[%clk
01:30:43]} {[%emt 00:01:04]} 4. O-O {[%clk 01:31:27]} {[%emt 00:00:28]} a6
{[%clk 01:29:53]} {[%emt 00:01:21]} 5. Bxc6 {[%clk 01:31:42]} {[%emt 00:00:14]}
dxc6 {[%clk 01:30:02]} {[%emt 00:00:21]} 6. d3 {[%clk 01:29:36]} {[%emt
00:02:35]} Nf6 {[%clk 01:29:19]} {[%emt 00:01:13]} 7. Be3 {[%clk 01:25:38]}
{[%emt 00:04:28]} Be7 {[%clk 01:26:44]} {[%emt 00:03:04]} 8. Qd2 {[%clk
01:19:20]} {[%emt 00:06:49]} O-O {[%clk 01:17:53]} {[%emt 00:09:21]} 9. Nc3
{[%clk 01:13:19]} {[%emt 00:06:31]} b5 {[%clk 01:14:33]} {[%emt 00:03:50]} 10.
h3 {[%clk 01:09:11]} {[%emt 00:04:39]} Bb7 {[%clk 01:13:31]} {[%emt 00:01:32]}
11. Rfd1 {[%clk 01:00:49]} {[%emt 00:08:52]} Rc8 {[%clk 01:06:48]} {[%emt
00:07:08]} 12. Bf4 {[%clk 00:53:44]} {[%emt 00:07:39]} Qd7 {[%clk 00:52:50]}
{[%emt 00:14:28]} 13. Qe3 {[%clk 00:48:53]} {[%emt 00:05:23]} Ba8 {[%clk
00:43:58]} {[%emt 00:09:22]} 14. Rd2 {[%clk 00:48:30]} {[%emt 00:00:53]} Rfd8
{[%clk 00:39:33]} {[%emt 00:04:54]} 15. Rad1 {[%clk 00:46:05]} {[%emt
00:02:55]} Qa7 {[%clk 00:35:17]} {[%emt 00:04:42]} 16. Ne2 {[%clk 00:36:48]}
{[%emt 00:09:51]} Rd7 {[%clk 00:32:52]} {[%emt 00:02:55]} 17. c3 {[%clk
00:29:55]} {[%emt 00:07:22]} Rcd8 {[%clk 00:29:12]} {[%emt 00:04:11]} 18. Be5
{[%clk 00:27:47]} {[%emt 00:02:38]} Ne8 {[%clk 00:22:53]} {[%emt 00:06:40]} 19.
Bg3 {[%clk 00:18:28]} {[%emt 00:09:52]} Nf6 {[%clk 00:20:34]} {[%emt 00:02:54]}
20. Ne5 {[%clk 00:17:14]} {[%emt 00:01:44]} Rc7 {[%clk 00:17:52]} {[%emt
00:03:09]} 21. Ng4 {[%clk 00:09:42]} {[%emt 00:08:05]} Nxg4 {[%clk 00:14:26]}
{[%emt 00:03:56]} 22. Qf4 {[%clk 00:04:52]} {[%emt 00:05:19]} Rcd7 {[%clk
00:13:13]} {[%emt 00:01:45]} 23. Qxg4 {[%clk 00:05:01]} {[%emt 00:00:20]} h6
{[%clk 00:11:01]} {[%emt 00:02:43]} 24. Be5 {[%clk 00:03:48]} {[%emt 00:01:43]}
Bf8 {[%clk 00:05:06]} {[%emt 00:06:25]} 25. Nf4 {[%clk 00:02:04]} {[%emt
00:02:14]} Kh7 {[%clk 00:02:54]} {[%emt 00:02:41]} 26. Nh5 {[%clk 00:01:09]}
{[%emt 00:01:25]} f5 {[%clk 00:01:25]} {[%emt 00:01:59]} 27. exf5 {[%clk
00:01:12]} {[%emt 00:00:28]} exf5 {[%clk 00:01:21]} {[%emt 00:00:33]} 28. Qxf5+
{[%clk 00:01:02]} {[%emt 00:00:40]} Kg8 {[%clk 00:01:06]} {[%emt 00:00:43]} 29.
Qg6 {[%clk 00:00:46]} {[%emt 00:00:46]} Rf7 {[%clk 00:00:46]} {[%emt 00:00:52]}
30. Qe6 {[%clk 00:00:35]} {[%emt 00:00:42]} Qe7 {[%clk 00:00:45]} {[%emt
00:00:30]} 31. Qxe7 {[%clk 00:00:39]} {[%emt 00:00:26]} Bxe7 {[%clk 00:00:59]}
{[%emt 00:00:16]} 32. Re1 {[%clk 00:00:40]} {[%emt 00:00:29]} Bd6 {[%clk
00:00:47]} {[%emt 00:00:42]} 33. Bxd6 {[%clk 00:00:49]} {[%emt 00:00:21]} Rxd6
{[%clk 00:01:10]} {[%emt 00:00:07]} 34. Re8+ {[%clk 00:01:00]} {[%emt
00:00:19]} Rf8 {[%clk 00:01:28]} {[%emt 00:00:13]} 35. Rxf8+ {[%clk 00:00:57]}
{[%emt 00:00:33]} Kxf8 {[%clk 00:01:51]} {[%emt 00:00:08]} 36. Ng3 {[%clk
00:00:42]} {[%emt 00:00:44]} c4 {[%clk 00:01:49]} {[%emt 00:00:32]} 37. d4
{[%clk 00:00:56]} {[%emt 00:00:15]} c5 {[%clk 00:01:54]} {[%emt 00:00:25]} 38.
Ne2 {[%clk 00:00:32]} {[%emt 00:00:54]} cxd4 {[%clk 00:02:06]} {[%emt
00:00:19]} 39. Rxd4 {[%clk 00:00:47]} {[%emt 00:00:15]} Rxd4 {[%clk 00:02:28]}
{[%emt 00:00:08]} 40. Nxd4 {[%clk 00:01:02]} {[%emt 00:00:14]} Kf7 {[%clk
00:02:43]} {[%emt 00:00:16]} 41. g3 {[%clk 00:00:54]} {[%emt 00:00:38]} Kf6
{[%clk 00:02:49]} {[%emt 00:00:24]} 42. Kf1 {[%clk 00:01:03]} {[%emt 00:00:20]}
Ke5 {[%clk 00:02:50]} {[%emt 00:00:30]} 43. Ke2 {[%clk 00:01:13]} {[%emt
00:00:20]} g6 {[%clk 00:02:35]} {[%emt 00:00:46]} 44. Ke3 {[%clk 00:01:23]}
{[%emt 00:00:18]} h5 {[%clk 00:02:10]} {[%emt 00:00:56]} 45. h4 {[%clk
00:00:35]} {[%emt 00:01:18]} Bb7 {[%clk 00:01:22]} {[%emt 00:01:17]} 46. Ne2
{[%clk 00:29:20]} {[%emt 00:01:44]} Bc6 {[%clk 00:30:29]} {[%emt 00:01:24]} 47.
Nf4 {[%clk 00:29:11]} {[%emt 00:00:37]} Be8 {[%clk 00:30:29]} {[%emt 00:00:31]}
48. b3 {[%clk 00:28:40]} {[%emt 00:01:03]} Bf7 {[%clk 00:26:32]} {[%emt
00:04:26]} 49. b4 {[%clk 00:27:25]} {[%emt 00:01:43]} Be8 {[%clk 00:26:22]}
{[%emt 00:00:42]} 50. Nh3 {[%clk 00:26:35]} {[%emt 00:01:17]} Bd7 {[%clk
00:25:52]} {[%emt 00:01:01]} 51. Ng5 {[%clk 00:26:52]} {[%emt 00:00:13]} Bf5
{[%clk 00:23:53]} {[%emt 00:02:22]} 52. Nf3+ {[%clk 00:26:08]} {[%emt
00:01:22]} Kd5 {[%clk 00:22:47]} {[%emt 00:01:29]} 53. Kf4 {[%clk 00:26:10]}
{[%emt 00:00:34]} Bb1 {[%clk 00:21:57]} {[%emt 00:01:18]} 54. a3 {[%clk
00:26:26]} {[%emt 00:00:17]} Bf5 {[%clk 00:21:17]} {[%emt 00:01:10]} 55. Nd4
{[%clk 00:25:36]} {[%emt 00:01:18]} Bd3 {[%clk 00:20:50]} {[%emt 00:00:56]} 56.
f3 {[%clk 00:25:24]} {[%emt 00:00:45]} Bb1 {[%clk 00:20:39]} {[%emt 00:00:39]}
57. g4 {[%clk 00:25:32]} {[%emt 00:00:23]} hxg4 {[%clk 00:19:46]} {[%emt
00:01:23]} 58. fxg4 {[%clk 00:24:35]} {[%emt 00:01:28]} Bd3 {[%clk 00:19:05]}
{[%emt 00:01:08]} 59. h5 {[%clk 00:24:29]} {[%emt 00:00:37]} gxh5 {[%clk
00:19:02]} {[%emt 00:00:35]} 60. gxh5 {[%clk 00:24:50]} {[%emt 00:00:09]} Bb1
{[%clk 00:17:37]} {[%emt 00:01:54]} 61. Nf5 {[%clk 00:25:05]} {[%emt 00:00:16]}
Ke6 {[%clk 00:17:38]} {[%emt 00:00:27]} 62. Ng7+ {[%clk 00:24:09]} {[%emt
00:01:27]} Kf6 {[%clk 00:16:54]} {[%emt 00:01:10]} 63. Ne8+ {[%clk 00:23:22]}
{[%emt 00:01:20]} Ke7 {[%clk 00:14:56]} {[%emt 00:02:28]} 64. Nc7 {[%clk
00:23:42]} {[%emt 00:00:11]} Kd7 {[%clk 00:14:25]} {[%emt 00:00:59]} 65. Nxa6
{[%clk 00:24:03]} {[%emt 00:00:11]} Kd6 {[%clk 00:14:20]} {[%emt 00:00:30]} 66.
Nc5 {[%clk 00:23:41]} {[%emt 00:00:57]} Kd5 {[%clk 00:14:02]} {[%emt 00:00:45]}
67. a4 {[%clk 00:21:25]} {[%emt 00:02:49]} bxa4 {[%clk 00:14:13]} {[%emt
00:00:20]} 68. Nxa4 {[%clk 00:21:45]} {[%emt 00:00:09]} Kc6 {[%clk 00:14:10]}
{[%emt 00:00:32]} 69. Ke5 {[%clk 00:20:52]} {[%emt 00:01:20]} Bd3 {[%clk
00:13:45]} {[%emt 00:00:59]} 70. Nc5 {[%clk 00:20:40]} {[%emt 00:00:42]} Bh7
{[%clk 00:13:44]} {[%emt 00:00:31]} 71. Ne6 {[%clk 00:20:13]} {[%emt 00:00:56]}
Kb5 {[%clk 00:13:33]} {[%emt 00:00:39]} 72. Ng5 {[%clk 00:20:28]} {[%emt
00:00:18]} Bg8 {[%emt 00:01:29]} 73. h6 {[%emt 00:00:16]} Ka4 {[%clk 00:11:47]}
{[%emt 00:00:32]} 74. Ne4 {[%clk 00:20:32]} {[%emt 00:00:27]} Bh7 {[%clk
00:11:25]} {[%emt 00:00:51]} 75. Nf6 {[%clk 00:20:36]} {[%emt 00:00:26]} Bd3
{[%clk 00:11:02]} {[%emt 00:00:54]} 76. h7 {[%clk 00:20:57]} {[%emt 00:00:09]}
Bxh7 {[%clk 00:11:25]} {[%emt 00:00:07]} 77. Nxh7 {[%clk 00:21:20]} {[%emt
00:00:07]} Kb3 {[%clk 00:11:42]} {[%emt 00:00:13]} 78. Kd4 {[%clk 00:21:38]}
{[%emt 00:00:13]} Ka4 {[%clk 00:11:51]} {[%emt 00:00:21]} 79. Kxc4 {[%clk
00:21:53]} {[%emt 00:00:15]} Ka3 {[%clk 00:12:14]} {[%emt 00:00:07]} 80. b5
{[%clk 00:22:10]} {[%emt 00:00:13]} Ka4 {[%clk 00:12:10]} {[%emt 00:00:34]} 81.
b6 {[%clk 00:22:34]} {[%emt 00:00:06]} Ka5 {[%clk 00:12:30]} {[%emt 00:00:10]}
82. b7 {[%clk 00:22:59]} {[%emt 00:00:05]} Kb6 {[%clk 00:12:44]} {[%emt
00:00:15]} 83. b8=Q+ {[%clk 00:23:18]} {[%emt 00:00:12]} Kc6 {[%clk 00:13:04]}
{[%emt 00:00:11]} 84. Qd8 {[%clk 00:23:28]} {[%emt 00:00:19]} Kb7 {[%clk
00:13:24]} {[%emt 00:00:11]} 85. Kb5 {[%clk 00:23:43]} {[%emt 00:00:13]} Ka7
{[%clk 00:13:42]} {[%emt 00:00:14]} 86. Kc6 {[%clk 00:24:02]} {[%emt 00:00:10]}
Ka6 {[%clk 00:14:02]} {[%emt 00:00:11]} 87. Qb6# {[%clk 00:24:26]} {[%emt
00:00:06]} 1-0